Normal view MARC view
  • Kumar.A.

Entry Personal Name

Number of records used in: 2

001 - CONTROL NUMBER

  • control field: 2948

003 - CONTROL NUMBER IDENTIFIER

  • control field: OSt

005 - DATE AND TIME OF LATEST TRANSACTION

  • control field: 20170228102611.0

008 - FIXED-LENGTH DATA ELEMENTS

  • fixed length control field: 170228|| aca||aabn | a|a d

040 ## - CATALOGING SOURCE

  • Original cataloging agency: OSt

100 ## - HEADING--PERSONAL NAME

  • Personal name: Kumar.A.

Powered by Koha